All MCU Heroes Quiz - Statistics

General Stats
  • This quiz has been taken 150 times
  • The average score is 38 of 50
Answer Stats
Actor Hero % Correct
Chadwick Boseman Black Panther
99%
Scarlett Johansson Black Widow
99%
Chris Evans Captain America
99%
Robert Downey Jr. Iron Man
99%
Chris Hemsworth Thor
99%
Benedict Cumberbatch Doctor Strange
98%
Anthony Mackie Falcon
98%
Mark Ruffalo Hulk
98%
Tom Holland Spider-Man
98%
Wyatt Russell US Agent
98%
Jeremy Renner Hawkeye
97%
Tom Hiddleston Loki
97%
Sophia Di Martino Sylvie
97%
Paul Rudd Ant-Man
95%
Zoe Saldana Gamora
95%
Chris Pratt Star-Lord
95%
Vin Diesel Groot
94%
Bradley Cooper Rocket
94%
Elizabeth Olsen Scarlet Witch
94%
Sebastian Stan White Wolf
94%
Dave Bautista Drax
93%
Brie Larson Captain Marvel
92%
Benedict Wong Wong
89%
Paul Bettany Vision
87%
Evangeline Lilly Wasp
87%
Don Cheadle War Machine
84%
Gwyneth Paltrow Pepper Potts
83%
Aaron Taylor-Johnson Quicksilver
82%
Pom Klementieff Mantis
81%
Letitia Wright Shuri
77%
Idris Elba Heimdall
75%
Simu Liu Shang-Chi
75%
Hayley Atwell Agent Carter
72%
Tessa Thompson Valkyrie
70%
Danai Gurira Okoye
66%
Florence Pugh Yelena Belova
65%
Taika Waititi Korg
63%
Tilda Swinton Ancient One
54%
Winston Duke M'Baku
51%
David Harbour Red Guardian
51%
Michael Rooker Yondu
50%
Owen Wilson Mobius M. Mobius
45%
Sean Gunn Kraglin
42%
Jaime Alexander Sif
41%
Teyonah Parris Monica Rambeau
33%
Ray Stevenson Volstagg
33%
Zachary Levi Fandral
32%
Rachel Weisz Melina Vostokoff
30%
Tadanobu Asano Hogun
29%
Jeffrey Wright Uatu
25%
No matching quizzes found
Score Distribution
Percent of People with Each Score
Percentile by Number Answered
Your Score History
You have not taken this quiz